Stemmi Squadre di calcio - UEFA - Quiz n°15 - Statistics

Statistiche generali
  • Questo quiz è stato fatto 183 volte
  • Il punteggio medio è 9 su 10
Statistiche sulle risposte
con Immagini Risposta % Corretto
Società Sportiva Calcio Bari
100%
Brentford Football Club
97%
Cagliari Calcio
95%
Portsmouth Football Club
93%
RasenBallsport Leipzig
90%
Fußballclub Basel 1893
89%
Sportverein Darmstadt 1898
89%
Sportklub Rapid
85%
Stade de Reims
72%
Heart of Midlothian Football Club
64%
Nessun quiz corrispondente trovato
Distribuzione punteggi
Percentuale di utenti per punteggio
Percentile per numero di risposta
I tuoi punteggi nel tempo
Non hai fatto questo quiz